• 首页
  • 本馆介绍
  • 公告通知
  • 最新文献
  • 馆藏检索
  • 电子资源
  • 读者导购
  • 参考咨询
  • 我的图书馆
  • 登录
  • 详细信息显示
  • 放入我的书架
  • 预约/预借图书
  • 作者相关作品
  • 分类相关作品
  • 丛书相关作品
  • 出版社相关作品

书目信息

  • 表格格式
  • 工作单格式
  • 卡片格式
题名:
中国古代戏曲探珍
    
 
作者: 孙春艳 著
分册:  
出版信息: 保定   河北大学出版社  2014
页数: 270页
开本: 24cm
丛书名: 廊坊师范学院文学院五十年发展纪念文丛
单 册:
中图分类: J809.22
科图分类:
主题词: 古代戏曲--Gu Dai Xi Qu--研究--中国
电子资源:
ISBN: 978-7-5666-0793-5
000 01419nam0 22002651 450
001 349448
005 20161010151747.10
010    @a978-7-5666-0793-5@dCNY36.00
100    @a20141209d2014 em y0chiy50 ea
101 0  @achi
102    @aCN@b130000
105    @ay z 000yy
106    @ar
200 1  @a中国古代戏曲探珍@AZhong Guo Gu Dai Xi Qu Tan Zhen@f孙春艳著
210    @a保定@c河北大学出版社@d2014
215    @a270页@d24cm
225 2  @a廊坊师范学院文学院五十年发展纪念文丛@ALang Fang Shi Fan Xue Yuan Wen Xue Yuan Wu Shi Nian Fa Zhan Ji Nian Wen Cong@f许振东总主编
300    @a国家特色专业(汉语言文学)建设经费资助
330    @a本书分为戏曲研究、戏曲鉴赏、作家流派概览三部分。戏曲研究部分梳理了中国古代戏曲的基本形式统的认识,结合各种戏曲形式中的经典曲目研究其所抒写的人文情怀和精湛醇厚的表现手法,对宋元南戏、元代杂剧等的体制和角色、剧场演出进行研究考察,并对部分著名剧作家的作品进行分析研究。戏曲鉴赏部分撷取中国古代戏曲的萌芽期、形成期、发展期、成熟期、繁荣期的经典戏曲作简明扼要的赏析。作家流派部分选取了在古代戏剧史上有一定地位的、作品较多、影响较大的戏剧家,并依据戏剧家的史传、碑志传记和有关的历史材料、前人研究的成果进行比较全面的介绍。
461  0 @12001 @a廊坊师范学院文学院五十年发展纪念文丛
606 0  @a古代戏曲@AGu Dai Xi Qu@x研究@y中国
690    @aJ809.22@v5
701  0 @a孙春艳@ASun Chun Yan@c(女,@f1964~)@4著
801  0 @aCN@bTANGWEI@20160730
905    @b0885065-9@dJ809.22@e88@f5
    
    中国古代戏曲探珍/孙春艳著 .-保定:河北大学出版社,2014
    270页;24cm.-(廊坊师范学院文学院五十年发展纪念文丛/许振东总主编)
    国家特色专业(汉语言文学)建设经费资助
    
    ISBN 978-7-5666-0793-5:CNY36.00
    本书分为戏曲研究、戏曲鉴赏、作家流派概览三部分。戏曲研究部分梳理了中国古代戏曲的基本形式统的认识,结合各种戏曲形式中的经典曲目研究其所抒写的人文情怀和精湛醇厚的表现手法,对宋元南戏、元代杂剧等的体制和角色、剧场演出进行研究考察,并对部分著名剧作家的作品进行分析研究。戏曲鉴赏部分撷取中国古代戏曲的萌芽期、形成期、发展期、成熟期、繁荣期的经典戏曲作简明扼要的赏析。作家流派部分选取了在古代戏剧史上有一定地位的、作品较多、影响较大的戏剧家,并依据戏剧家的史传、碑志传记和有关的历史材料、前人研究的成果进行比较全面的介绍。
●
相关链接 在E读中查询图书 在五车中查询图书 在当当中查询图书 在豆瓣中查询图书


正题名:中国古代戏曲探珍     索取号:J809.22/88         预约/预借

序号 登录号 条形码 馆藏地/架位号 状态 备注
1 0885065   208850652   第一样本阅览室/ [索取号:J809.22/88] 在馆    
2 0885066   208850661   第一借阅区/ [索取号:J809.22/88] 在馆    
3 0885067   208850670   第一借阅区/ [索取号:J809.22/88] 在馆    
4 0885068   208850689   第一借阅区/ [索取号:J809.22/88] 在馆    
5 0885069   208850698   第一借阅区/ [索取号:J809.22/88] 在馆    
唐山师范学院图书馆 欢迎您!
大连网信软件有限公司© 版权所有